La guerra de vietnam y los intelectuales (recorte) /
Guardado en:
| Formato: | Libro |
|---|---|
| Publicado: |
Paris :
Mundo Nuevo,
1966
|
| Materias: | |
| Etiquetas: |
Agregar Etiqueta
Sin Etiquetas, Sea el primero en etiquetar este registro!
|
| LEADER | 00750nam a22001695a 4500 | ||
|---|---|---|---|
| 001 | CEM.cems008944 | ||
| 005 | 20060214000000.0 | ||
| 008 | 130507s1966##################000#0#####d | ||
| 003 | CEMS | ||
| 082 | 0 | 4 | |a F301 |
| 245 | 0 | 0 | |a La guerra de vietnam y los intelectuales (recorte) / |
| 260 | |a Paris : |b Mundo Nuevo, |c 1966 | ||
| 300 | |a 21 p. | ||
| 505 | 0 | |a Recorte de la revista Mundo Nuevo. Ago. 1966, N§ 2. Paris.-Recorte de la revista Mundo Nuevo. Ago. 1966, N§ 2. Paris.-Recorte de la revista Mundo Nuevo. Ago. 1966, N§ 2. Paris.-Recorte de la revista Mundo Nuevo. Ago. 1966, N§ 2. Paris.-Recorte de la revista Mundo Nuevo. Ago. 1966, N§ 2. Paris.- | |
| 653 | |a Fc | ||
| 653 | |a Guerra de vietnam | ||
| 859 | |a CEMS |b BIB. CEMS - 11 de abril |h F301 |i 7-3 |p 1334.44 |t Ej.1 | ||
